Homenaje a platon /

Guardado en:
Autor Principal: Universidad Nacional De Cuyo. Mendoza
Formato: Libro
Publicado: Mendoza : Facultad De Filosofia Y Letras, 1960
Materias:
Etiquetas: Agregar Etiqueta
Sin Etiquetas, Sea el primero en etiquetar este registro!
LEADER 00511nam a22001575a 4500
001 EHU.bham002621
003 AR-BHAM
005 20070328175907.0
008 130507s1960##################000#0#####d
082 1 8 |a 184.07 
100 1 |a Universidad Nacional De Cuyo. Mendoza 
245 1 0 |a Homenaje a platon /  |c Niversidad Nacional De Cuyo. Mendoza . 
260 |a Mendoza :  |b Facultad De Filosofia Y Letras,  |c 1960 
300 |a 22 p. 
653 |a Filosofia platonica 
859 |a AR-BHAM  |b BIB. HUMANIDADES - General  |h 184.07  |i M523  |p 952.62  |t Ej.1